000
00251nam a2200097Ia 4500
005
20251222113743.0
008
251222s1900||||xx |||||||||||||| ||spa||
082
_a
DVD0070/S26/2005
245
0
_a
El Perro: una historia de instintos y amistades:
942
_c
DVD
999
_c
666
_d
666